|
|
|
|
| LEADER |
00000nab a2200000 a 4500 |
| 001 |
vtls000064223 |
| 003 |
SK-MaSNL |
| 005 |
20260304172501.0 |
| 008 |
250526c1980 xo 0 slo |
| 015 |
|
|
|a SNBRB19rr/mm-uuuuu
|
| 035 |
|
|
|a CL0074323
|
| 035 |
|
|
|a urn:nbn:sk:snk-ab2c41
|
| 035 |
|
|
|a (urnnbn)urn:nbn:sk:snk:ar-a0244p
|
| 035 |
|
|
|a (uuid)af44b355-2fca-416a-93a4-de647a033532
|
| 040 |
|
|
|a SNKBUCL
|b slo
|c SNKBUCL
|e AACR2
|
| 041 |
0 |
|
|a slo
|
| 044 |
|
|
|a xo
|c SK
|
| 080 |
|
|
|a 634.0.6
|2 1981
|
| 100 |
1 |
|
|a Hastík, Jozef
|4 aut
|9 1121190
|
| 245 |
1 |
0 |
|a Smery zdokonaľovania vnútropodnikového riadenia a organizácie a ich bariéry
|c Jozef Hastík
|
| 650 |
0 |
7 |
|a lesníctvo
|2 snkbucl
|9 1255
|
| 650 |
0 |
7 |
|a lesné podniky
|2 snkbucl
|9 73850
|
| 650 |
0 |
7 |
|a riadenie vnútropodnikové
|2 snkbucl
|9 924866
|
| 655 |
|
7 |
|a články z novín a časopisov
|2 snkbucl
|9 267496
|
| 773 |
0 |
|
|t Les
|g Roč. 36, č. 7 (1980), s. 312-314
|
| 850 |
|
|
|a Slovenská národná knižnica
|
| 852 |
|
|
|a Slovenská národná knižnica
|
| 954 |
|
|
|a odborná, vedecká literatúra pôvodná (slovenská)
|2 lita
|
| 958 |
|
|
|a ONDV
|
| 958 |
|
|
|a article2022
|
| 958 |
|
|
|a RK
|
| 992 |
|
|
|a RBX
|
| 999 |
|
|
|c 2998739
|d 3000669
|